5HLuxD.jpg

KING HENRY VIII SENIOR AND PRIMARY SCHOOL LIBRARY OPAC

The lost book / (Record no. 3935)

000 -LEADER
fixed length control field 00886nam a22002417a 4500
005 - DATE AND TIME OF LATEST TRANSACTION
control field 20241122112200.0
008 - FIXED-LENGTH DATA ELEMENTS--GENERAL INFORMATION
fixed length control field 241122b ||||| |||| 00| 0 eng d
020 ## - INTERNATIONAL STANDARD BOOK NUMBER
International Standard Book Number 9781783446841
040 ## - CATALOGING SOURCE
Transcribing agency KH8
082 ## - DEWEY DECIMAL CLASSIFICATION NUMBER
Classification number 823.92 SUR
100 ## - MAIN ENTRY--PERSONAL NAME
Personal name Surnaite, Margarita
Relator term Author
245 ## - TITLE STATEMENT
Title The lost book /
Statement of responsibility, etc. Margarita Surnaite
250 ## - EDITION STATEMENT
Edition statement First edition
260 ## - PUBLICATION, DISTRIBUTION, ETC.
Place of publication, distribution, etc. London,
Name of publisher, distributor, etc. Andersen Press,
Date of publication, distribution, etc. 2019
300 ## - PHYSICAL DESCRIPTION
Extent 1 volume (unpaged) :
Other physical details chiefly illustrations ;
Dimensions 24 x 28 cm
520 ## - SUMMARY, ETC.
Summary, etc. All rabbits love books, except for Henry ... he prefers games and adventures. But then he finds one very special book, and when he reads it, someone very special finds him<br/>
521 ## - TARGET AUDIENCE NOTE
Target audience note Children's stories
650 ## - SUBJECT ADDED ENTRY--TOPICAL TERM
Topical term or geographic name entry element Adventure and adventurers
Form subdivision Fiction
650 ## - SUBJECT ADDED ENTRY--TOPICAL TERM
Topical term or geographic name entry element Adventure stories
650 ## - SUBJECT ADDED ENTRY--TOPICAL TERM
Topical term or geographic name entry element Books and reading
700 ## - ADDED ENTRY--PERSONAL NAME
Personal name Surnaite, Margarita
Relator term Illustrator
942 ## - ADDED ENTRY ELEMENTS (KOHA)
Source of classification or shelving scheme
Koha item type Books - Fiction
Holdings
Withdrawn status Lost status Source of classification or shelving scheme Damaged status Not for loan Collection code Permanent Location Current Location Shelving location Date acquired Total Checkouts Full call number Barcode Date last seen Date last checked out Price effective from Koha item type
          Fiction KH8 Primary School Library KH8 Primary School Library Fiction 2024-11-22 5 823.92 SUR KHPL000004630 2025-12-05 2025-03-28 2024-11-22 Books - Fiction

Powered By KH8 IT Dept